Statistiques concernant Stade français par images

Cliquez ici pour prendre le quiz!

Statistiques générales

  • Ce quiz a été pris 32 fois
  • Le résultat moyen est 10 sur 20

Statistiques - réponses

Answer % Correct
Stade Vélodrome
100%
Parc des Princes
93%
Groupama Stadium
90%
Stade de France
86%
Stade Louis II
83%
Stade Geoffroy-Guichard
72%
Stade Pierre Mauroy
69%
Stade de la Licorne
69%
Stade de la Beaujoire
59%
Stade Bollaert-Delelis
59%
Stadium de Toulouse
52%
Roazhon Park
45%
Allianz Riviera
38%
Stade de la Mosson
34%
Matmut Atlantique
31%
Stade de la Meinau
21%
Stade Océane
17%
Stade Auguste-Delaune
10%
Stade des Alpes
7%
Stade du Hainaut
7%

Distribution des résultats

Percentile par nombre de réponses

% des personnes avec chaque résultat

Votre développement - résultats

Vous n’avez pas pris ce quiz